عرض عادي
عرض مارك
- Covington-Ward, Yolanda,
دخول Personal Name
001 - CONTROL NUMBER
- control field: 22717
003 - CONTROL NUMBER IDENTIFIER
- control field: AE-AdECS
005 - DATE AND TIME OF LATEST TRANSACTION
- control field: 20251113083839.0
008 - FIXED-LENGTH DATA ELEMENTS
- fixed length control field: 251113|| aca||aabn | a|a d
040 ## - CATALOGING SOURCE
- Original cataloging agency: AE-AdECS
- Transcribing agency: AE-AdECS
100 ## - HEADING--PERSONAL NAME
- Personal name: Covington-Ward, Yolanda,
- Dates associated with a name: 1979-
670 ## - SOURCE DATA FOUND
- Source citation: Work cat.: (AE-AdECS)292977: Covington-Ward, Yolanda, 1979- author., Gesture and power :
